UN HDI Top 25 Quiz Stats

 Plays Quiz not verified by Sporcle

Challenge
Share
Tweet
Embed
Score 0/25 Timer 10:00
0 Plays Today
Rank Country % Correct
13United States
99.5%
4Canada
96.6%
7Sweden
96.6%
22Germany
96.6%
8France
96.1%
1Norway
95.6%
12Finland
93.6%
15Spain
93.6%
2Australia
92.6%
18Italy
92.6%
10Japan
92.2%
21United Kingdom
91.7%
16Denmark
90.2%
Rank Country % Correct
9Switzerland
88.7%
6Netherlands
85.8%
20New Zealand
85.3%
17Belgium
84.3%
5Ireland
83.3%
14Austria
82.4%
3Iceland
80.4%
11Luxembourg
77.5%
25Greece
77.5%
19Liechtenstein
62.3%
24Hong Kong, China (SAR)
62.3%
23Singapore
55.9%

You're not logged in!

Compare scores with friends on all Sporcle quizzes.
Join for Free
OR
Log In

You Might Also Like...

Show Comments

Extras

Top Quizzes Today


Score Distribution

Your Account Isn't Verified!

In order to create a playlist on Sporcle, you need to verify the email address you used during registration. Go to your Sporcle Settings to finish the process.

Report this User

Report this user for behavior that violates our Community Guidelines.

Details: